Plan IT, dig IT, build IT : Your step - by - step to landscape projects
保存先:
| 第一著者: | |
|---|---|
| フォーマット: | 図書 |
| 言語: | Undetermined |
| 出版事項: |
Australia
Thomson
2003
|
| 主題: | |
| タグ: |
タグ追加
タグなし, このレコードへの初めてのタグを付けませんか!
|
| Thư viện lưu trữ: | Trung tâm Học liệu Trường Đại học Cần Thơ |
|---|
| LEADER | 00617nam a2200217Ia 4500 | ||
|---|---|---|---|
| 001 | CTU_87626 | ||
| 008 | 210402s9999 xx 000 0 und d | ||
| 020 | |c 24.13 | ||
| 082 | |a 690.89 | ||
| 082 | |b S261 | ||
| 100 | |a Sauter, David | ||
| 245 | 0 | |a Plan IT, dig IT, build IT : | |
| 245 | 0 | |b Your step - by - step to landscape projects | |
| 245 | 0 | |c David Sauter | |
| 260 | |a Australia | ||
| 260 | |b Thomson | ||
| 260 | |c 2003 | ||
| 650 | |a Garden structures,Landscape constructions | ||
| 650 | |x Amateurs' manuals,Amateurs' manuals | ||
| 904 | |i Trúc | ||
| 980 | |a Trung tâm Học liệu Trường Đại học Cần Thơ | ||